|
|
|
|
| LEADER |
00000cam a22000004a 4500 |
| 001 |
musev2_58264 |
| 003 |
MdBmJHUP |
| 005 |
20230905045958.0 |
| 006 |
m o d |
| 007 |
cr||||||||nn|n |
| 008 |
180331s1988 ncu o 00 0 eng d |
| 020 |
|
|
|a 9781469642727
|
| 020 |
|
|
|z 9780807892343
|
| 035 |
|
|
|a (OCoLC)1080551917
|
| 040 |
|
|
|a MdBmJHUP
|c MdBmJHUP
|
| 100 |
1 |
|
|a Garay, Rene Pedro,
|d 1949-
|
| 245 |
1 |
0 |
|a Gil Vicente and the Development of the Comedia /
|c by Rene Pedro Garay.
|
| 264 |
|
1 |
|a Chapel Hill, NC :
|b U.N.C. Dept. of Romance Languages,
|c 1988.
|
| 264 |
|
3 |
|a Baltimore, Md. :
|b Project MUSE,
|c 2019
|
| 264 |
|
4 |
|c ©1988.
|
| 300 |
|
|
|a 1 online resource (250 pages).
|
| 336 |
|
|
|a text
|b txt
|2 rdacontent
|
| 337 |
|
|
|a computer
|b c
|2 rdamedia
|
| 338 |
|
|
|a online resource
|b cr
|2 rdacarrier
|
| 490 |
0 |
|
|a North Carolina studies in the Romance languages and literatures ;
|v no. 232
|
| 588 |
|
|
|a Description based on print version record.
|
| 600 |
1 |
7 |
|a Vicente, Gil,
|d approximately 1470-approximately 1536.
|2 fast
|0 (OCoLC)fst01855908
|
| 600 |
1 |
1 |
|a Vicente, Gil,
|d approximately 1470-approximately 1536
|x Criticism and interpretation.
|
| 600 |
1 |
0 |
|a Vicente, Gil,
|d approximately 1470-approximately 1536
|x Criticism and interpretation.
|
| 650 |
|
7 |
|a Spanish drama
|x Classical period.
|2 fast
|0 (OCoLC)fst01710999
|
| 650 |
|
7 |
|a Portuguese drama
|x Classical period.
|2 fast
|0 (OCoLC)fst01711123
|
| 650 |
|
7 |
|a LITERARY CRITICISM
|x European
|x Spanish & Portuguese.
|2 bisacsh
|
| 650 |
|
0 |
|a Spanish drama
|y Classical period, 1500-1700
|x History and criticism.
|
| 650 |
|
0 |
|a Portuguese drama
|y Classical period, 1500-1700
|x History and criticism.
|
| 655 |
|
7 |
|a Criticism, interpretation, etc.
|2 fast
|0 (OCoLC)fst01411635
|
| 655 |
|
7 |
|a Electronic books.
|2 local
|
| 710 |
2 |
|
|a Project Muse.
|e distributor
|
| 830 |
|
0 |
|a Book collections on Project MUSE.
|
| 856 |
4 |
0 |
|z Texto completo
|u https://projectmuse.uam.elogim.com/book/58264/
|
| 945 |
|
|
|a Project MUSE - Custom Collection
|
| 945 |
|
|
|a Project MUSE - Archive Complete Supplement VII
|
| 945 |
|
|
|a Project MUSE - Archive Literature Supplement VII
|